[Event "Titled Tue 27th May Early"]
[Site "chess.com INT"]
[Date "2025.05.27"]
[Round "10"]
[White "Rose, Felix"]
[Black "Nayem, Haque"]
[Result "0-1"]
[WhiteTitle "CM"]
[BlackTitle "FM"]
[WhiteElo "2093"]
[BlackElo "2180"]
[WhiteFideId "5105722"]
[BlackFideId "10217754"]
[EventDate "2025.05.27"]

1. e4 c5 2. Nf3 d6 3. d4 cxd4 4. Nxd4 Nf6 5. Nc3 e5 6. Bb5+ Nbd7 7. Nf5 a6 8.
Bxd7+ Qxd7 9. Ng3 Qc6 10. Bg5 Be7 11. Bxf6 Bxf6 12. O-O O-O 13. Nd5 Bd8 14. Qd3
Be6 15. Rad1 Rc8 16. c3 g6 17. Nb4 Qc5 18. Qxd6 Qxd6 19. Rxd6 Be7 20. Rb6 Bxb4
21. Rxb4 b5 22. a4 Rc4 23. Rxc4 bxc4 24. Rd1 Rb8 25. Rd2 Kf8 26. f3 Ke7 27. Nf1
f5 28. Ne3 f4 29. Nd5+ Bxd5 30. Rxd5 Ke6 31. Rd2 g5 32. h3 h5 33. Kf1 g4 34.
hxg4 hxg4 35. Ke1 g3 36. Kd1 Rh8 37. Kc2 Rh1 38. Rd1 Rh2 39. Rg1 Kd6 40. b3
cxb3+ 41. Kxb3 Kc5 42. a5 Kb5 43. c4+ Kxa5 44. Kc3 Kb6 45. Rb1+ Kc5 46. Rb2 Rh1
47. Ra2 Rg1 48. Rxa6 Rxg2 49. Ra5+ Kc6 50. Rxe5 Rf2 51. Rg5 Rxf3+ 52. Kd4 Rf2
53. Rg6+ Kd7 54. Ke5 g2 55. c5 f3 56. c6+ Kc7 57. Ke6 Rf1 58. e5 g1=Q 0-1

[Event "Titled Tue 27th May Early"]
[Site "chess.com INT"]
[Date "2025.05.27"]
[Round "10"]
[White "Gharibyan, Mamikon"]
[Black "Kovalenko, Igor"]
[Result "1-0"]
[WhiteTitle "GM"]
[BlackTitle "GM"]
[WhiteElo "2472"]
[BlackElo "2676"]
[WhiteFideId "13308300"]
[BlackFideId "14117908"]
[EventDate "2025.05.27"]

1. d4 Nf6 2. c4 e6 3. Nf3 b6 4. g3 Bb7 5. Bg2 Bb4+ 6. Bd2 Qe7 7. O-O Bxd2 8.
Qxd2 O-O 9. Qd3 Be4 10. Qe3 c5 11. Nc3 cxd4 12. Qxd4 Nc6 13. Qd2 Bxf3 14. Bxf3
Rac8 15. b3 a6 16. Rac1 Ne5 17. Bb7 Rc5 18. Na4 Rc7 19. Bxa6 Rb8 20. Bb5 h5 21.
Qf4 d6 22. Rfd1 Nfg4 23. h3 Nh6 24. Nc3 Nf5 25. Ne4 f6 26. h4 Rd8 27. Rd2 d5 28.
Rcd1 d4 29. Nc3 Rd6 30. Nd5 exd5 31. Qxf5 g6 32. Qf4 dxc4 33. bxc4 d3 34. exd3
Rd4 35. Qe3 Qd6 36. Re2 Kg7 37. a4 Re7 38. Rde1 Rf7 39. Kg2 Rxd3 40. Qe4 Rd4 41.
Qa8 Rf8 42. Qb7+ Rf7 43. Qa8 Rf8 44. Qb7+ Kh6 45. Re4 Rd2 46. R4e2 Rd4 47. Re4
Rd2 48. R4e2 Rxe2 49. Rxe2 Rd8 50. Qe4 Qc5 51. Qf4+ Kg7 52. Qe4 Qc7 53. Ra2 Nd3
54. Re2 Ne5 55. Qf4 Qb7+ 56. Qe4 Qf7 57. a5 bxa5 58. Ra2 Qc7 59. Ra4 Ng4 60. Ra2
f5 61. Qf3 Rd4 62. Bc6 Rxc4 63. Bd5 Rc5 64. Bb3 Rc3 65. Qd5 Kh6 66. Rxa5 1-0

[Event "Titled Tue 27th May Early"]
[Site "chess.com INT"]
[Date "2025.05.27"]
[Round "10"]
[White "Devagharan, Devina"]
[Black "Dishman, Stephen"]
[Result "0-1"]
[WhiteTitle "WFM"]
[BlackTitle "FM"]
[WhiteElo "1860"]
[BlackElo "2284"]
[WhiteFideId "2061600"]
[BlackFideId "403024"]
[EventDate "2025.05.27"]

1. d4 d5 2. c4 e6 3. Nc3 a6 4. cxd5 exd5 5. Bf4 Nf6 6. e3 Bd6 7. Be5 c6 8. Bd3
O-O 9. Nf3 Bg4 10. O-O Bxe5 11. dxe5 Nfd7 12. Qc2 Bxf3 13. gxf3 Nxe5 14. Bxh7+
Kh8 15. Bd3 Nxf3+ 16. Kg2 Nh4+ 17. Kh1 Nd7 18. Ne2 Ne5 19. Ng3 Nhf3 20. Kg2 Qh4
21. Rh1 g6 22. Be2 Qg4 23. Rad1 Kg7 24. h3 Nh4+ 25. Kf1 Qe6 26. Rd4 Rh8 27. Bg4
f5 28. Be2 Nhf3 29. Rf4 Ng5 30. h4 Ne4 31. Rg1 Nxg3+ 32. Rxg3 Kf6 33. Qc3 Rh6
34. Rb4 b5 35. f4 Rah8 36. Qxe5+ Qxe5 37. fxe5+ Kxe5 38. Rh3 g5 39. h5 g4 40.
Rh4 Rxh5 41. Rxh5 Rxh5 42. Kg2 Rh3 43. Kf2 Rh2+ 44. Kf1 g3 45. Rf4 Rh1+ 46. Kg2
Re1 47. Bd3 Rxe3 48. Rxf5+ Kd4 49. Bb1 Re2+ 50. Kxg3 Rxb2 51. Rf4+ Kc5 52. Rf1
b4 53. Kf3 Kb6 54. Kf4 a5 55. Ke5 Re2+ 56. Kd6 Rh2 57. Rc1 Rh6+ 58. Kd7 c5 59.
Bc2 c4 60. Ba4 Kc5 61. Bb3 Kd4 62. Rd1+ Kc5 63. Rc1 Rh7+ 64. Ke6 Rh6+ 65. Ke5
Rh8 66. Ba4 Rh7 67. Bb3 Re7+ 68. Kf6 Re2 69. Kf5 a4 70. Bxa4 Rxa2 71. Bb3 Ra3
72. Bd1 b3 73. Ke5 b2 74. Rb1 c3 75. Bc2 Ra1 76. Kf4 Kc4 77. Ke3 d4+ 78. Ke2 Kb4
79. Kd3 Rxb1 80. Bxb1 Kb3 0-1

[Event "Titled Tue 27th May Early"]
[Site "chess.com INT"]
[Date "2025.05.27"]
[Round "10"]
[White "Iskusnyh, Sergei"]
[Black "Ilinca, Felix-Antonio"]
[Result "1-0"]
[WhiteTitle "GM"]
[BlackTitle "IM"]
[WhiteElo "2440"]
[BlackElo "2420"]
[WhiteFideId "4120027"]
[BlackFideId "54764998"]
[EventDate "2025.05.27"]

1. d4 Nf6 2. c4 c5 3. d5 b5 4. cxb5 a6 5. e3 axb5 6. Bxb5 Qa5+ 7. Nc3 Bb7 8. Bd2
Qb6 9. Nf3 Nxd5 10. a4 e6 11. O-O Be7 12. e4 Nb4 13. Bf4 N8c6 14. Ne5 Qd8 15.
Qg4 O-O 16. Rad1 d6 17. Nf3 Qc7 18. Qg3 Rfd8 19. Rd2 e5 20. Bh6 Bf8 21. Bg5 Rdc8
22. Bxc6 Bxc6 23. b3 Qb7 24. Qg4 Bd7 25. Qh4 Be6 26. Rb1 Nc6 27. Nd5 Bxd5 28.
exd5 Nd4 29. Nxd4 cxd4 30. Rdd1 Qxd5 31. Qg3 Rcb8 32. h4 Kh8 33. Qf3 Qxf3 34.
gxf3 Rb7 35. Bd2 d5 36. a5 Bb4 37. Bxb4 Rxb4 38. Re1 f6 39. f4 e4 40. Rec1 Rb5
41. a6 h5 42. Ra1 Rxb3 43. Rc5 Rb6 44. a7 Rd6 45. Kf1 d3 46. Ke1 Kh7 47. Kd2 Rd7
48. Rca5 Kg6 49. Ke3 Kf5 50. f3 g6 51. fxe4+ Ke6 52. exd5+ Rxd5 53. Rxd5 Kxd5
54. Kxd3 Ke6 55. Ke4 Kd6 56. Ra6+ Ke7 57. Kd5 Kd7 58. Rxf6 Ke7 59. Rxg6 Kf7 60.
Ra6 Ke7 61. Kc6 Rd8 62. Kb7 Rd6 63. Rxd6 Kxd6 64. a8=Q Ke6 65. Qd8 Kf5 66. Qg5+ 1-0

[Event "Titled Tue 27th May Early"]
[Site "chess.com INT"]
[Date "2025.05.27"]
[Round "10"]
[White "Levitan, Caleb Levi"]
[Black "Pham, Le Thao Nguyen"]
[Result "0-1"]
[WhiteTitle "FM"]
[BlackTitle "IM"]
[WhiteElo "2333"]
[BlackElo "2388"]
[WhiteFideId "14332620"]
[BlackFideId "12401226"]
[EventDate "2025.05.27"]

1. e4 c6 2. d4 d5 3. e5 Bf5 4. Bd3 Bxd3 5. Qxd3 e6 6. Ne2 Ne7 7. Nd2 Nd7 8. O-O
c5 9. c3 a6 10. Nf3 Rc8 11. a3 Qc7 12. b4 cxd4 13. cxd4 Qc2 14. Qxc2 Rxc2 15.
Bd2 Nc6 16. Rfc1 Rc4 17. Bc3 Be7 18. Nd2 Nb6 19. Nxc4 Nxc4 20. Rc2 Kd7 21. Nc1
g5 22. Nb3 b6 23. Nd2 b5 24. Nxc4 bxc4 25. Rb1 Rb8 26. Rcb2 Bd8 27. b5 axb5 28.
Rxb5 Ra8 29. Ra1 Ra4 30. Kf1 Bc7 31. Ke2 Bb8 32. g3 Kc8 33. f4 g4 34. Ke3 h5 35.
Rb2 Ba7 36. h3 Ne7 37. hxg4 hxg4 38. Rh2 Nf5+ 39. Kd2 Bxd4 40. Rh8+ Kd7 41. Rg8
Bxc3+ 42. Kxc3 Nxg3 43. Rxg4 Ne2+ 44. Kd2 Nd4 45. Rg7 Nb3+ 46. Kc3 Nxa1 47.
Rxf7+ Ke8 48. Rf6 Ke7 49. f5 exf5 50. Kd4 Ra5 51. Rxf5 Nb3+ 52. Kc3 Ke6 53. Rh5
Rxa3 54. Kb4 Ra8 55. Rh6+ Kxe5 56. Rh5+ Kd4 57. Rh4+ Kd3 58. Rh3+ Kc2 59. Rh2+
Nd2 60. Kc5 Rd8 61. Kd4 c3 62. Rh3 Nb1 63. Rh1 Kb2 64. Kd3 d4 65. Rh2+ Nd2 66.
Rh7 Nb3 67. Rb7 c2 68. Rxb3+ Kxb3 0-1

[Event "Titled Tue 27th May Early"]
[Site "chess.com INT"]
[Date "2025.05.27"]
[Round "10"]
[White "Guliev, Gasan"]
[Black "Dauer, Andre Leonardo"]
[Result "1-0"]
[WhiteTitle "CM"]
[BlackTitle "CM"]
[WhiteElo "2123"]
[BlackElo "2138"]
[WhiteFideId "34165638"]
[BlackFideId "2126915"]
[EventDate "2025.05.27"]

1. d4 e6 2. Nf3 d5 3. Bg5 f6 4. Bf4 c5 5. e3 Nc6 6. Nbd2 Nge7 7. Bb5 a6 8. Bxc6+
Nxc6 9. O-O Bd6 10. Bxd6 Qxd6 11. c3 O-O 12. e4 e5 13. dxc5 Qxc5 14. Nb3 Qb6 15.
exd5 Na5 16. Nxa5 Qxa5 17. b4 Qc7 18. Qd2 Bg4 19. Ne1 Rfd8 20. Rc1 Qc4 21. d6
Be2 22. Nc2 Bxf1 23. Rxf1 Rac8 24. Ne3 Qxc3 25. Qd5+ Kh8 26. Nf5 Qc6 27. Qf7 Qd7
28. Ne7 Rc2 29. h4 Qxd6 30. h5 Rc7 31. h6 gxh6 32. Ng6+ hxg6 33. Qxg6 Qf8 34.
Re1 Rcd7 35. Re3 Rd3 36. Rxd3 Rxd3 37. Qxd3 Qxb4 38. Qd8+ Kg7 39. Qd7+ Kf8 40.
Qd8+ Kf7 41. Qd5+ Kf8 42. Qd8+ Kg7 43. Qd7+ Kg6 44. Qg4+ Kf7 45. Qd7+ Qe7 46.
Qd5+ Kg7 47. g3 f5 48. Kg2 e4 49. Qxf5 Qf6 50. Qxe4 b5 51. Qb7+ Kg6 52. Qe4+ Kg7
53. Qb7+ Kf8 54. Qc8+ Kg7 55. Qc2 Qe5 56. Kh2 Qf6 57. Qd2 Kg6 58. Qd3+ Kg7 59.
Qc2 Kf7 60. Qb3+ Kg6 61. Qc2+ Kg7 62. Qd2 Kf7 63. Kg1 Kg6 64. Qd3+ Kg7 65. Qd7+
Kg6 66. Qe8+ Kg5 67. f4+ Kg4 68. Qe2+ Kf5 69. Kg2 Qe6 70. Qh5+ Kf6 71. Qxh6+ Ke7
72. Qxe6+ Kxe6 73. Kf3 a5 74. Ke3 b4 75. Kd3 a4 76. Kc4 b3 77. axb3 a3 78. Kc3
a2 79. Kb2 a1=Q+ 80. Kxa1 Kf5 81. b4 Kg4 82. b5 1-0

[Event "Titled Tue 27th May Early"]
[Site "chess.com INT"]
[Date "2025.05.27"]
[Round "10"]
[White "Berikkyzy Alanna"]
[Black "Bogaudinov, Rushan"]
[Result "1-0"]
[WhiteTitle "WFM"]
[BlackTitle "FM"]
[WhiteElo "2104"]
[BlackElo "1912"]
[WhiteFideId "13780719"]
[BlackFideId "4129288"]
[EventDate "2025.05.27"]

1. e4 a6 2. d4 b5 3. a4 Bb7 4. axb5 axb5 5. Rxa8 Bxa8 6. Nd2 Nf6 7. Bd3 e6 8.
Ne2 c5 9. dxc5 Bxc5 10. O-O Qb6 11. e5 Nd5 12. Nb3 Be7 13. Nf4 Nxf4 14. Bxf4 Nc6
15. Qg4 g6 16. h4 h5 17. Qg3 Qd8 18. Bxb5 Bxh4 19. Qe3 O-O 20. Nc5 Nb4 21. Qe2
Nd5 22. Bh6 Re8 23. Bxd7 Re7 24. Bb5 Rc7 25. Ne4 Kh7 26. Bc1 Be7 27. Rd1 Qc8 28.
c4 Nb6 29. Nf6+ Bxf6 30. exf6 Qb7 31. f3 Qc8 32. Qe3 Qf8 33. Rd8 Qc5 34. Qxc5
Rxc5 35. Rxa8 Nxa8 36. Be3 Rc8 37. c5 Nc7 38. Bd7 Rb8 39. Bf4 Rb7 40. c6 Ra7 41.
Bc8 Ra1+ 42. Kh2 Nd5 43. Be5 g5 44. Bb7 Rc1 45. b4 Kg6 46. b5 Kf5 47. Bd6 h4 48.
Be7 Rc2 49. Bd8 Ne3 50. b6 Nxg2 51. c7 Nf4+ 52. Kh1 h3 53. c8=Q Rxc8 54. Bxc8
Nd5 55. b7 Kf4 56. b8=Q+ Kxf3 57. Qb3+ Kg4 58. Bb7 Kh5 59. Bxd5 Kg6 60. Be4+ Kh5
61. Qd3 g4 62. Qf3 Kg5 63. Qe3+ Kh4 64. Bg2 Kh5 65. Bxh3 gxh3 66. Qxh3+ Kg6 67.
Qg4+ Kh6 68. Qh4+ Kg6 69. Qh8 Kf5 70. Qg7 e5 71. Qxf7 e4 72. Qd7+ Kf4 73. f7 Ke3
74. f8=Q Ke2 75. Qh6 e3 76. Qh2+ Kf1 77. Qf5+ Ke1 78. Qg1+ Ke2 79. Qc2+ Kf3 80.
Qgg2+ Kf4 81. Qce4# 1-0

[Event "Titled Tue 27th May Early"]
[Site "chess.com INT"]
[Date "2025.05.27"]
[Round "10"]
[White "Jumabayev, Rinat"]
[Black "Eljanov, Pavel"]
[Result "1-0"]
[WhiteTitle "GM"]
[BlackTitle "GM"]
[WhiteElo "2551"]
[BlackElo "2668"]
[WhiteFideId "13702661"]
[BlackFideId "14102951"]
[EventDate "2025.05.27"]

1. Nf3 d5 2. g3 Nf6 3. Bg2 e6 4. O-O Be7 5. c4 O-O 6. d4 dxc4 7. Qc2 a6 8. a4
Bd7 9. Qxc4 Bc6 10. Bf4 Bd6 11. Qc1 Nbd7 12. Nc3 a5 13. Re1 Qe7 14. e4 Bxf4 15.
Qxf4 Nb6 16. Ne5 Be8 17. Qe3 Nfd7 18. Nd3 f6 19. e5 fxe5 20. Nxe5 c6 21. Bh3 Rd8
22. Nd3 Bf7 23. Bxe6 Qxe6 24. Qxe6 Bxe6 25. Rxe6 Nf6 26. Nc5 Rf7 27. Rd1 Nbd5
28. Nb3 Nc7 29. Re5 b6 30. Rde1 Kf8 31. h3 h6 32. Kg2 Ncd5 33. Re6 Rc7 34. Nxd5
Nxd5 35. Nd2 Re7 36. Nf3 Rxe6 37. Rxe6 Nb4 38. b3 Kf7 39. Re2 Kf6 40. g4 g5 41.
Kg3 Nd5 42. h4 Nf4 43. Re4 Ne6 44. hxg5+ hxg5 45. Kg2 Nf4+ 46. Kg1 Ne6 47. Kf1
Rh8 48. Re3 Rh1+ 49. Ke2 Rb1 50. Rc3 Rb2+ 51. Kf1 Nd8 52. Rd3 Ne6 53. Rc3 Nd8
54. Ne1 Rd2 55. Nd3 Ke6 56. Ke1 Ra2 57. Nc1 Rb2 58. Ne2 Kd5 59. Re3 Ne6 60. Rd3
Kd6 61. f3 Ra2 62. Kf1 Rb2 63. Re3 Rd2 64. Re4 Rb2 65. Re3 Rd2 66. Ng3 Rxd4 67.
Nf5+ Kd5 68. Rxe6 Rb4 69. Re3 b5 70. axb5 cxb5 71. Ng3 a4 72. bxa4 bxa4 73. Ne4
Rb3 74. Rxb3 axb3 75. Ke2 b2 76. Nd2 Kd4 77. Nb1 Kd5 78. Ke3 Ke5 79. Nc3 Kf6 80.
Ke4 Ke6 81. Kd4 Kd6 82. Kd3 Ke5 83. Ke3 Ke6 84. Ke4 Kf6 85. Kd5 Kg6 86. Ke5 1-0

[Event "Titled Tue 27th May Early"]
[Site "chess.com INT"]
[Date "2025.05.27"]
[Round "10"]
[White "Maslovskiy, Vladimir"]
[Black "Arabidze, Meri"]
[Result "0-1"]
[WhiteTitle "FM"]
[BlackTitle "IM"]
[WhiteElo "2370"]
[BlackElo "2440"]
[WhiteFideId "24273546"]
[BlackFideId "13604040"]
[EventDate "2025.05.27"]

1. e4 c5 2. Nf3 e6 3. c3 d5 4. exd5 exd5 5. d4 Nc6 6. Bb5 Bd6 7. O-O cxd4 8.
Nxd4 Ne7 9. c4 dxc4 10. Nxc6 bxc6 11. Bxc4 O-O 12. Nc3 Ng6 13. h3 Bf5 14. Qf3
Nh4 15. Qh5 Bg6 16. Qg5 Be7 17. Qf4 Rb8 18. Rd1 Qa5 19. Bd2 Qh5 20. b3 Bf6 21.
Rac1 Rbe8 22. Re1 h6 23. Qg4 Rd8 24. Qxh5 Bxh5 25. Ne4 Bd4 26. Bc3 c5 27. Bxd4
cxd4 28. Bd3 Bg6 29. Rc4 Nf5 30. Rec1 Rd7 31. Nc5 Rd6 32. Ne4 Rd5 33. Rc5 Rxc5
34. Rxc5 Rd8 35. f3 Ne3 36. Kf2 Bxe4 37. Bxe4 Nd1+ 38. Ke1 Nc3 39. a4 Nxe4 40.
fxe4 Re8 41. Rc7 Rxe4+ 42. Kd2 Re3 43. b4 Rg3 44. Rxa7 Rxg2+ 45. Kd3 Rg3+ 46.
Kxd4 Rxh3 47. b5 Rb3 48. Kc4 Rb1 49. a5 h5 50. a6 h4 51. Re7 Rc1+ 52. Kb4 Rb1+
53. Ka5 h3 54. a7 Ra1+ 55. Kb6 h2 56. Re1 Rxe1 57. a8=Q+ Kh7 58. Qg2 h1=Q 59.
Qc2+ g6 60. Qd2 Qg1+ 61. Ka6 Qe3 62. Qb4 Qe6+ 63. b6 Ra1+ 64. Kb7 Qd7+ 65. Kb8
Qd8+ 66. Kb7 Qd5+ 67. Kc7 Rc1+ 68. Kb8 Qd8+ 69. Ka7 Qd7+ 70. b7 Ra1+ 71. Kb6
Qe6+ 72. Kc7 Rc1+ 73. Kb8 Qe5+ 74. Ka7 Ra1+ 75. Kb6 Qe3+ 76. Kc7 Rc1+ 77. Kb8
Qe5+ 78. Ka7 Qc7 79. Qh4+ Kg8 80. Qa4 Qc5+ 81. Ka8 Rc4 82. b8=Q+ Kg7 83. Qaa7
Qd5+ 84. Qbb7 Rc8+ 85. Qb8 Rxb8+ 86. Kxb8 Qxb7+ 87. Kxb7 g5 0-1

[Event "Titled Tue 27th May Early"]
[Site "chess.com INT"]
[Date "2025.05.27"]
[Round "10"]
[White "Gasparyan, Erik R."]
[Black "Sadubayev, Airat"]
[Result "1/2-1/2"]
[WhiteTitle "IM"]
[BlackTitle "FM"]
[WhiteElo "2372"]
[BlackElo "2211"]
[WhiteFideId "13315730"]
[BlackFideId "13713264"]
[EventDate "2025.05.27"]

1. Nf3 d5 2. b3 Nf6 3. Bb2 e6 4. e3 Be7 5. Be2 O-O 6. O-O b6 7. d4 Bb7 8. Nbd2
Nbd7 9. Rc1 c5 10. c4 Rc8 11. Rc2 dxc4 12. Nxc4 b5 13. Nce5 a6 14. a4 Qb6 15.
axb5 axb5 16. Nxd7 Nxd7 17. dxc5 Nxc5 18. Bd4 Qa6 19. Rc1 Rfd8 20. Qc2 Bd5 21.
Qb2 f6 22. Ra1 Qb7 23. Ra5 Bc6 24. Rc1 Na6 25. Rca1 Ra8 26. Qc1 e5 27. Bb2 Nc5
28. Rxa8 Rxa8 29. Rxa8+ Qxa8 30. b4 Na4 31. Bc3 Nxc3 32. Qxc3 Qb7 33. h3 Bd5 34.
Ne1 Qc6 35. Qd2 h6 36. Bf3 e4 37. Be2 Bc4 38. Nc2 Bxe2 39. Qxe2 Qd5 40. Nd4 Qc4
41. Qxc4+ bxc4 42. b5 Bc5 43. Ne2 Kf7 44. Nc3 f5 45. g4 g6 46. gxf5 gxf5 47. Kf1
Ke6 48. Ke2 Bb4 49. Na4 Kd6 50. Kd1 Kd5 51. Ke2 Kd6 52. f3 Ba5 53. f4 Kd5 54.
Kd1 Kd6 55. Kc2 Kd5 56. Nc3+ Kc5 57. Ne2 Bb6 58. Nd4 Kb4 59. Nxf5 Kxb5 60. Nd6+
Kb4 61. f5 Bxe3 62. f6 Bc5 63. Nxe4 Bf8 64. h4 Kb5 65. Kc3 Bb4+ 66. Kd4 Kc6 67.
Kxc4 Bf8 68. Kd4 Kd7 69. Ke5 h5 70. Ng3 Bd6+ 71. Kf5 Bxg3 72. Kg5 Ke8 73. Kxh5
Kf7 74. Kg4 Be5 75. h5 Bxf6 76. Kf5 Bh8 77. h6 Bf6 78. h7 Bh8 79. Kg5 Kg7 80.
Kh5 Kxh7 1/2-1/2

[Event "Titled Tue 27th May Early"]
[Site "chess.com INT"]
[Date "2025.05.27"]
[Round "10"]
[White "Vasquez Schroeder, Rodrigo"]
[Black "Mendonca, Leon Luke"]
[Result "1-0"]
[WhiteTitle "GM"]
[BlackTitle "GM"]
[WhiteElo "2446"]
[BlackElo "2630"]
[WhiteFideId "3400042"]
[BlackFideId "35028561"]
[EventDate "2025.05.27"]

1. e4 c5 2. Nf3 e6 3. d4 cxd4 4. Nxd4 Nc6 5. Nb5 d6 6. c4 a6 7. N5c3 Nf6 8. Be2
Be7 9. O-O O-O 10. Na3 b6 11. Be3 Bb7 12. Rc1 Ne5 13. f3 Ned7 14. Qd2 Qc7 15.
Rfd1 Rac8 16. Kh1 Rfe8 17. Bf1 Qb8 18. Rc2 Ba8 19. Bf4 Ne5 20. Qf2 Ng6 21. Be3
Nd7 22. Rcd2 h5 23. Na4 Nc5 24. Nc3 h4 25. Nc2 Rf8 26. Nd4 Bf6 27. Nde2 Be7 28.
Nf4 Ne5 29. Bd4 Bg5 30. Be3 Be7 31. b3 Ncd7 32. Bd4 Rfd8 33. Nd3 Ng6 34. Na4 b5
35. cxb5 axb5 36. Nb6 Nxb6 37. Bxb6 Rd7 38. Be3 d5 39. Nc5 Rdd8 40. exd5 Rxd5
41. Rxd5 Bxd5 42. Nd3 b4 43. Kg1 Bd6 44. f4 Be4 45. g3 Ne7 46. Ba7 Qa8 47. Bc5
Bxc5 48. Nxc5 hxg3 49. hxg3 Bd5 50. Na4 Qc6 51. Bd3 Rd8 52. Bc4 Rb8 53. Nb2 Be4
54. Nd3 Bxd3 55. Rxd3 Nf5 56. Qd2 Qb6+ 57. Kg2 g6 58. g4 Ne7 59. Qf2 Qc7 60. Qd4
Nc6 61. Qd6 Qb7 62. Kg3 Rd8 63. Qc5 Rxd3+ 64. Bxd3 Ne7 65. Qd6 Nc8 66. Qd4 Ne7
67. Be4 Qb8 68. Qc5 Kf8 69. Kf3 f5 70. gxf5 gxf5 71. Bd3 Kf7 72. Bc4 Qb7+ 73.
Kg3 Ng6 74. Qe3 Qe7 75. Kf3 Kg7 76. Qxe6 Qh4 77. Qf7+ Kh6 78. Qxf5 Qe1 79. Qg5+
Kh7 80. Bd3 Qd1+ 81. Ke3 Qe1+ 82. Kd4 Qc3+ 83. Ke4 Kg7 84. f5 Qe5+ 85. Kf3 Kh8
86. Qh6+ Kg8 87. Qxg6+ Kh8 88. Qh6+ Kg8 89. Qe6+ Qxe6 90. fxe6 Kf8 91. Bc4 Ke7
92. Ke4 Kd6 93. Kd4 Ke7 94. Kc5 1-0

[Event "Titled Tue 27th May Early"]
[Site "chess.com INT"]
[Date "2025.05.27"]
[Round "10"]
[White "Vingris, Mikelis"]
[Black "Andrade, Ivan"]
[Result "0-1"]
[BlackTitle "FM"]
[WhiteElo "2102"]
[BlackElo "2161"]
[WhiteFideId "11611731"]
[BlackFideId "14800039"]
[EventDate "2025.05.27"]

1. e4 c5 2. Nf3 d6 3. d4 cxd4 4. Nxd4 Nf6 5. Bd3 g6 6. h3 Bg7 7. Be3 O-O 8. c4
Nc6 9. Nc3 Nd7 10. Nxc6 bxc6 11. O-O Ne5 12. Rc1 Nxd3 13. Qxd3 Qa5 14. a3 Rb8
15. Rc2 Rb3 16. Bd4 Bh6 17. Re1 Be6 18. Be3 Bxe3 19. Rxe3 Qa6 20. c5 Qxd3 21.
Rxd3 dxc5 22. Rdd2 c4 23. Ne2 Rd3 24. Nf4 Rxd2 25. Rxd2 Bc8 26. Rd4 e5 27. Rxc4
exf4 28. Rxc6 Bb7 29. Rc7 Rb8 30. f3 a6 31. b4 Kg7 32. a4 Bc8 33. Rc6 Bd7 34.
Rxa6 Rxb4 35. a5 Rb2 36. Ra7 Bb5 37. Rb7 Rb1+ 38. Kh2 Kf6 39. a6 Ra1 40. Rb6+
Kg7 41. Rxb5 Rxa6 42. Rb2 Ra1 43. h4 h5 44. Re2 Ra6 45. g3 fxg3+ 46. Kxg3 Ra1
47. Rh2 Kh6 48. Kf4 f6 49. Rb2 Ra6 50. Rb8 Rc6 51. Ra8 Kg7 52. Ra3 Kh6 53. Kg3
Rb6 54. Re3 Rc6 55. f4 Rb6 56. e5 fxe5 57. fxe5 g5 58. e6 gxh4+ 59. Kxh4 Rb4+
60. Kg3 Rb8 61. Kf4 Kg6 62. Ke5 h4 63. Kd6 Rb6+ 64. Kc7 Rxe6 65. Rxe6+ Kf5 66.
Rh6 Kg4 67. Kd6 h3 68. Ke5 Kg3 69. Rg6+ Kf2 70. Kf4 h2 71. Rh6 Kg2 72. Rg6+ Kf2
73. Ra6 h1=Q 74. Ra2+ Kg1 75. Kg3 Qh8 76. Rg2+ Kf1 77. Rf2+ Ke1 78. Rg2 Kd1 79.
Rf2 Qg7+ 80. Kf3 Qf6+ 81. Kg3 Qg5+ 82. Kf3 Qf5+ 83. Kg3 Qd5 84. Rg2 Ke1 85. Rh2
Kf1 86. Rf2+ Ke1 87. Rh2 Qe5+ 88. Kh3 Kf1 89. Rh1+ Kf2 90. Rh2+ Kf3 91. Rg2 Qh5# 0-1

[Event "Titled Tue 27th May Early"]
[Site "chess.com INT"]
[Date "2025.05.27"]
[Round "10"]
[White "Sathvik Adiga"]
[Black "Kakavand, Ramtin"]
[Result "1-0"]
[WhiteTitle "IM"]
[BlackTitle "FM"]
[WhiteElo "2341"]
[BlackElo "2179"]
[WhiteFideId "25745700"]
[BlackFideId "32790597"]
[EventDate "2025.05.27"]

1. e4 e5 2. Nf3 Nc6 3. Bc4 Bc5 4. c3 Nf6 5. d3 d6 6. O-O O-O 7. Re1 a5 8. h3 h6
9. Bb5 Ba7 10. Nbd2 Ne7 11. d4 Ng6 12. Bd3 Nf4 13. Bf1 Qe7 14. Nc4 Ng6 15. Nxa5
Bxd4 16. cxd4 Rxa5 17. Bd2 Ra8 18. Bc3 c6 19. Qc2 Re8 20. a3 Qc7 21. Rad1 Be6
22. Bb4 Rad8 23. Rd2 Rd7 24. Red1 d5 25. exd5 Bxd5 26. Nxe5 Nxe5 27. dxe5 Qxe5
28. Re2 Qg5 29. Rxe8+ Nxe8 30. Re1 Nc7 31. Bc3 Ne6 32. Re5 Qf4 33. Re3 Rd8 34.
Qe2 Qf5 35. Qg4 Qxg4 36. hxg4 f6 37. f3 Kf7 38. Kf2 Re8 39. Bd3 Nf4 40. Rxe8
Nxd3+ 41. Ke3 Kxe8 42. Kxd3 Kd7 43. Kd4 b5 44. Bb4 Ke6 45. Bc5 g6 46. Kc3 h5 47.
gxh5 gxh5 48. b3 Kd7 49. a4 Be6 50. a5 Kc7 51. b4 Bc8 52. Kd4 Kd7 53. Ke3 Ke6
54. Kf4 Kd5 55. Kg3 Ke6 56. Kh4 Kf7 57. Kxh5 Kg7 58. g4 Kf7 59. Kh6 Bb7 60. g5
fxg5 61. Kxg5 Bc8 62. f4 Kg7 63. Bd4+ Kf7 64. f5 Bb7 65. Kf4 Bc8 66. Ke5 Bb7 67.
Kd6 Bc8 68. Kxc6 Bxf5 69. Kxb5 Ke7 70. Kc6 Kd8 71. Kb7 Be4+ 72. Kb8 Bd3 73. Kb7
Be4+ 74. Kb6 Kc8 75. Be5 Bd3 76. b5 Be2 77. Kc6 Bf3+ 78. Kc5 Kb7 79. a6+ Ka7 80.
Bd4 Be2 81. Kc6+ Ka8 82. Kb6 Bf1 83. Ka5 Be2 84. b6 Bf3 85. Kb4 Be4 86. Kc5 Kb8
87. Be5+ Ka8 88. Kd6 Kb8 89. Kd7+ Ka8 90. Kc7 1-0

[Event "Titled Tue 27th May Early"]
[Site "chess.com INT"]
[Date "2025.05.27"]
[Round "10"]
[White "Tsyhanchuk, Stanislav"]
[Black "Dilmukhametov, Artur"]
[Result "1-0"]
[WhiteTitle "IM"]
[BlackTitle "FM"]
[WhiteElo "2273"]
[BlackElo "2276"]
[WhiteFideId "13505130"]
[BlackFideId "24179922"]
[EventDate "2025.05.27"]

1. d4 Nf6 2. Nf3 g6 3. c4 Bg7 4. g3 d6 5. Bg2 O-O 6. O-O Nbd7 7. Nc3 e5 8. e4 b6
9. d5 a5 10. b3 Nc5 11. Re1 Ne8 12. Be3 f5 13. Bxc5 bxc5 14. Nd2 Nf6 15. f3 f4
16. g4 g5 17. Kf2 Kf7 18. Rh1 h5 19. h3 Rh8 20. Qe2 Qe7 21. Rag1 Nh7 22. Qd3 Nf8
23. Bf1 Ng6 24. Ne2 Bd7 25. a4 Bf6 26. Nb1 Nh4 27. Nd2 Rag8 28. Qc3 Ra8 29. Qd3
Qd8 30. Qc3 Qb8 31. Qc2 Qb4 32. Qc3 Qa3 33. Nb1 Qa2 34. Nd2 Rab8 35. Nc1 Qa3 36.
Qc2 Qb4 37. Nb1 Bxa4 38. bxa4 Qxb1 39. Qxb1 Rxb1 40. Bd3 Rb2+ 41. Ne2 hxg4 42.
hxg4 Rhb8 43. Rb1 R2b3 44. Rxb3 Rxb3 45. Bc2 Rc3 46. Rc1 Ra3 47. Rb1 Ra2 48. Bb3
Ra3 49. Rb2 Ke7 50. Nc3 Ra1 51. Nb1 Kd7 52. Ba2 Bd8 53. Ke2 c6 54. Kf2 cxd5 55.
cxd5 Ng6 56. Ke2 Ne7 57. Kd2 Nc8 58. Kc3 Nb6 59. Rxb6 Bxb6 60. Kb2 Rxa2+ 61.
Kxa2 Kc7 62. Kb3 Kb7 63. Kc4 Ka6 64. Nc3 Bc7 65. Nb5 Bb8 66. Kb3 Kb6 67. Kc3 Ka6
68. Na3 Bc7 69. Kc4 Kb6 70. Nb1 Ka6 71. Nd2 Kb6 72. Nb3 Ka6 73. Nc1 Kb6 74. Nd3
Ka6 75. Nf2 Kb6 76. Nh3 Bd8 77. Ng1 Ka6 78. Ne2 Kb6 79. Nc3 Bc7 80. Kb3 Ka6 81.
Nb1 Kb6 82. Nd2 Ka6 83. Nc4 Bb8 84. Kc3 Kb7 85. Nxa5+ Ka6 86. Nc6 Bc7 87. Kc4
Bb6 88. Kb3 Bc7 89. Ne7 Ka5 90. Nc6+ Ka6 91. Kc4 Bb6 92. Kc3 Bc7 93. Kb3 Bb6 94.
Ne7 Ka5 95. Nf5 Bc7 96. Ng7 Bd8 97. Ne6 Be7 98. Nc7 c4+ 99. Kxc4 Kxa4 100. Nb5
Ka5 101. Nc3 Kb6 102. Nb1 Bd8 103. Nd2 Ka6 104. Nb3 Kb6 105. Nc1 Ka6 106. Nd3
Kb6 107. Nb4 Bf6 108. Nc6 Ka6 109. Kb4 Kb6 110. Na5 Bd8 111. Nc4+ Kc7 112. Kb5
Be7 113. Ka6 Bd8 114. Na3 Be7 115. Nb5+ Kd7 116. Kb7 Bd8 117. Nc3 Ba5 118. Na4
Bb4 119. Nb6+ Ke7 120. Kc6 Ba3 121. Nc8+ Kf6 122. Nxd6 Bb2 123. Nb7 Bd4 124. d6 1-0

[Event "Titled Tue 27th May Early"]
[Site "chess.com INT"]
[Date "2025.05.27"]
[Round "11"]
[White "Ivannikov, Maksim"]
[Black "Ollier, Pablo"]
[Result "1-0"]
[WhiteTitle "CM"]
[BlackTitle "FM"]
[WhiteElo "2184"]
[BlackElo "2284"]
[WhiteFideId "34275339"]
[BlackFideId "652318"]
[EventDate "2025.05.27"]

1. e4 e5 2. Nf3 Nc6 3. Bc4 Nf6 4. d3 Bc5 5. O-O a6 6. c3 Ba7 7. Bb3 O-O 8. Nbd2
d6 9. Re1 Ng4 10. Re2 Kh8 11. h3 f5 12. exf5 Nh6 13. Ne4 Bxf5 14. Bg5 Qe8 15.
Qd2 Qh5 16. Ng3 Qf7 17. Bxf7 1-0